000 00624nam a2200205Ia 4500
005 20250507130107.0
008 008 250505s9999 xx 000 0 eng d
020 _a0921-5239
037 _aBound Volumes
040 _aEASL
_beng
_cEASL
041 _aeng
_2eng
084 _aW94v.42.P, P7
_qEASL
100 _aDoak Kevin M. Au.
_9665161
245 0 _aHistory of nationalism in Modern Japan: Placing the People
260 _aNetherland
_bleiden Brill NV
_c2007
300 _axii,292P.
490 _aHandbook of oriental series
_vJEL
942 _cCR
_hW94v.42.P, P7
999 _c1317651
_d1317651